书目信息 |
| 题名: |
住宅设计规范 GB 50096-1999
|
|
| 作者: | 中华人民共和国建设部 主编 | |
| 分册: | ||
| 出版信息: | 北京 中国建筑工业出版社 1999.05 |
|
| 页数: | 61页 | |
| 开本: | 32开 | |
| 丛书名: | ||
| 单 册: | ||
| 中图分类: | TU241-65 | |
| 科图分类: | ||
| 主题词: | 民用建筑--建筑设计 | |
| 电子资源: | ||
| ISBN: | ||
| 000 | 00607nam0 2200181 45 | |
| 001 | 0002281522 | |
| 005 | 20061213092536.79 | |
| 010 | @dRMB 12.00 | |
| 100 | @a20000228d1999 km y0chiy0120 ea | |
| 101 | @achi | |
| 200 | 1 | @a住宅设计规范 GB 50096-1999@AZhu Zhai She Ji Gui Fan GB 50096-1999@f中华人民共和国建设部主编@FZhong HuaRen Min Gong He Guo Jian She Bu Zhu Bian |
| 210 | @a北京@c中国建筑工业出版社@d1999.05 | |
| 215 | @a61页@d32开 | |
| 606 | 0 | @a民用建筑@x建筑设计 |
| 690 | @aTU241-65@v3 | |
| 701 | @a中华人民共和国建设部@4主编 | |
| 801 | @aCN@bPftUser@c20061213 | |
| 905 | @dTU241-65@eZH:706@b331063-067@f5 | |
| 住宅设计规范 GB 50096-1999/中华人民共和国建设部主编.-北京:中国建筑工业出版社,1999.05 |
| 61页;32开 |
| ISBN :RMB 12.00 |
| ● |
| 相关链接 |
|
|
|
正题名:住宅设计规范 GB 50096-1999
索取号:TU241-65/ZH:706
 
预约/预借
| 序号 | 登录号 | 条形码 | 馆藏地/架位号 | 状态 | 备注 |
| 1 | 331063 | 203310639 | 建筑库101/101建筑库 62排6列4层/ [索取号:TU241-65/ZH:706] | 在馆 | |
| 2 | 331064 | 203310648 | 建筑库101/404自科库 25排5列5层/ [索取号:TU241-65/ZH:706] | 在馆 | |
| 3 | 331065 | 203310657 | 建筑库101/101建筑库 34排1列2层/ [索取号:TU241-65/ZH:706] | 在馆 | |
| 4 | 331066 | 203310666 | 建筑库101/404自科库 25排5列5层/ [索取号:TU241-65/ZH:706] | 在馆 | |
| 5 | 331067 | 203310675 | 建筑库101/404自科库 25排5列5层/ [索取号:TU241-65/ZH:706] | 在馆 | |
| 6 | 444524 | 204445243 | 管理学院资料室/ [索取号:TU241-65/ZH:706] | 在馆 | |
| 7 | 48976 | 200489765 | 建筑库101/404自科库 25排5列5层/ [索取号:TU241-65/ZH:706] | 在馆 | |
| 8 | 48977 | 200489774 | 自科二线404/404自科库 24排4列4层/ [索取号:TU241-65/ZH:706] | 在馆 | |
| 9 | 48978 | 200489783 | 建筑库101/404自科库 25排5列5层/ [索取号:TU241-65/ZH:706] | 在馆 | |
| 10 | 48979 | 200489792 | 建筑库101/404自科库 25排6列5层/ [索取号:TU241-65/ZH:706] | 在馆 | |
| 11 | 48980 | 200489809 | 建筑库101/404自科库 25排5列5层/ [索取号:TU241-65/ZH:706] | 在馆 |